La Minúscula Ensayística Ilustrada/ (Record no. 2990)
[ view plain ]
| 000 -LEADER | |
|---|---|
| campo de control de longitud fija | 00745nam a22002177a 4500 |
| 003 - IDENTIFICADOR DE NÚMERO DE CONTROL | |
| campo de control | OSt |
| 005 - FECHA Y HORA DE LA ÚLTIMA TRANSACCIÓN | |
| campo de control | 20230127173817.0 |
| 008 - DATOS DE LONGITUD FIJA--INFORMACIÓN GENERAL | |
| campo de control de longitud fija | 221006b |||||||| |||| 00| 0 eng d |
| 022 ## - NÚMERO INTERNACIONAL NORMALIZADO PARA PUBLICACIONES SERIADAS | |
| Número Internacional Normalizado para Publicaciones Seriadas | 2500 8501 Julio |
| 040 ## - FUENTE DE CATALOGACIÓN | |
| Centro/agencia transcriptor | Biblioteca Lado V |
| 082 ## - NÚMERO DE LA CLASIFICACIÓN DECIMAL DEWEY | |
| Número de clasificación | 779 |
| Número de ítem | M668m |
| 130 ## - ENTRADA PRINCIPAL--TÍTULO UNIFORME | |
| 9 (RLIN) | 701 |
| Título uniforme | La Minúscula Ensayística Ilustrada |
| Lenguaje de la obra | spa |
| 245 ## - MENCIÓN DEL TÍTULO | |
| Título | La Minúscula Ensayística Ilustrada/ |
| 260 ## - PUBLICACIÓN, DISTRIBUCIÓN, ETC. | |
| Nombre del editor, distribuidor, etc. | Mincultura |
| Lugar de publicación, distribución, etc. | Colombia |
| Fecha de publicación, distribución, etc. | 2016 |
| 300 ## - DESCRIPCIÓN FÍSICA | |
| Dimensiones | 6x8cm |
| Extensión | 52p. |
| 490 ## - MENCIÓN DE SERIE | |
| Mención de serie | La Minúscula Ensayística Ilustrada |
| Designación de volumen o secuencia | Volumen 2 Julio |
| 650 #0 - PUNTO DE ACCESO ADICIONAL DE MATERIA--TÉRMINO DE MATERIA | |
| Fuente del encabezamiento o término | Tesauro de Arte & Arquitectura |
| Término de materia o nombre geográfico como elemento de entrada | FOTOGRAFIA |
| 9 (RLIN) | 702 |
| 650 ## - PUNTO DE ACCESO ADICIONAL DE MATERIA--TÉRMINO DE MATERIA | |
| Fuente del encabezamiento o término | Tesauro de Arte & Arquitectura |
| Término de materia o nombre geográfico como elemento de entrada | ARTE |
| 650 ## - PUNTO DE ACCESO ADICIONAL DE MATERIA--TÉRMINO DE MATERIA | |
| Fuente del encabezamiento o término | Tesauro de Arte & Arquitectura |
| Término de materia o nombre geográfico como elemento de entrada | RECOPILACION |
| 942 ## - ELEMENTOS DE ENTRADA SECUNDARIOS (KOHA) | |
| Fuente del sistema de clasificación o colocación | Clasificación Decimal Dewey |
| Tipo de ítem Koha | Libros |
| Parte de la signatura que corresponde a la clasificación (Parte de la clasificación) | 779 |
| Parte de la signatura que identifica el ejemplar (Parte del ítem) | M668m |
| Suprimir en OPAC | No |
| Estatus retirado | Estado de pérdida | Fuente del sistema de clasificación o colocación | Estado de daño | No para préstamo | Biblioteca de origen | Biblioteca actual | Ubicación en estantería | Fecha de adquisición | Número de inventario | Total de préstamos | Signatura topográfica completa | Código de barras | Visto por última vez | Precio de reemplazo | Tipo de ítem Koha |
|---|---|---|---|---|---|---|---|---|---|---|---|---|---|---|---|
| Clasificación Decimal Dewey | Biblioteca LadoV | Biblioteca LadoV | Planoteca | 27/01/2023 | 005097 | 741.5 H565m | 005097 | 27/01/2023 | 27/01/2023 | Libros | |||||
| Clasificación Decimal Dewey | Biblioteca LadoV | Biblioteca LadoV | Planoteca | 27/01/2023 | 005096 | 779 M668m | 005096 | 27/01/2023 | 27/01/2023 | Libros | |||||
| Clasificación Decimal Dewey | Biblioteca LadoV | Biblioteca LadoV | Planoteca | 27/01/2023 | 005098 | 779 M668m | 005098 | 27/01/2023 | 27/01/2023 | Libros | |||||
| Clasificación Decimal Dewey | Biblioteca LadoV | Biblioteca LadoV | Planoteca | 27/01/2023 | 005095 | 741.5 A284m | 005095 | 27/01/2023 | 27/01/2023 | Libros | |||||
| Clasificación Decimal Dewey | Biblioteca LadoV | Biblioteca LadoV | Planoteca | 27/01/2023 | 005094 | 741.5 M668m | 005094 | 27/01/2023 | 27/01/2023 | Libros | |||||
| Clasificación Decimal Dewey | Biblioteca LadoV | Biblioteca LadoV | Planoteca | 01/02/2023 | 005093 | 986.1 M668m | 005093 | 01/02/2023 | 01/02/2023 | Libros | |||||
| Clasificación Decimal Dewey | Biblioteca LadoV | Biblioteca LadoV | Planoteca | 01/02/2023 | 005092 | 741 G186m | 005092 | 01/02/2023 | 01/02/2023 | Libros | |||||
| Clasificación Decimal Dewey | Biblioteca LadoV | Biblioteca LadoV | Planoteca | 01/02/2023 | 005091 | 779 M668m | 005091 | 01/02/2023 | 01/02/2023 | Libros |
